00674nam a2200193Ia 4500952014500000999001700145003000400162005001700166008004100183020001800224040000900242082001800251100002700269245007300296260004700369300001000416650001200426942004200438 00102ddc40708PHYSICSaMESbMEScPHYd2019-02-20g625.00l1o530.12 GUH/Qp38481r2019-10-11 00:00:00s2019-10-01w2019-02-20yBKzGL11R3 c34643d34643OSt20200904100846.0190216s9999||||xx |||||||||||||| ||und|| a9788187134091 coclc a530.12bGUH/Q aGuha, Jyotirmoy 94424 0aQuantum Mechanics (Theory, Problems And Solutions) /cJyotirmoy Guha bBooks And Allied Pvt Ltd,c2012.aKolkata: a1012p aPhysics cBK2ddch530.12iGUH/Qk530.12mGUH/Q